| 000 | 00362nam a2200145Ia 4500 | ||
|---|---|---|---|
| 008 | 150201s2005 xx 000 0 und d | ||
| 082 |
_a612 _bA2005G |
||
| 100 | _aGHAI ,C.L. | ||
| 245 | 2 | _aA TEXTBOOK OF PRACTICAL PHYSIOLOGY | |
| 250 | _a6TH | ||
| 260 |
_bJAYPEE MEDICAL PUBLISHER _aDELHI _c2005 |
||
| 300 | _a1-312 | ||
| 650 | _aPHYSIOLOGY | ||
| 942 |
_2ddc _cBK _03 |
||
| 999 |
_c3355 _d3355 |
||